|
|
|
|
| LEADER |
00664cam a2200181 7i4500 |
| 001 |
0000037992 |
| 005 |
20230626090000.0 |
| 020 |
|
|
|a 9780470409442 (pbk.)
|
| 090 |
0 |
0 |
|a QA303.2
|b .C34 2010
|
| 245 |
0 |
0 |
|a Calculus :
|b single and multivariable
|c Deborah Hughes-Hallett ... [et al.].
|
| 250 |
|
|
|a 5th ed.
|
| 260 |
|
|
|a Hoboken, NJ.:
|b John Wiley & Sons, Inc.,
|c 2010.
|
| 300 |
|
|
|a xviii, 1173 p.:
|b ill., col.;
|c 28 cm.
|
| 650 |
0 |
0 |
|a Calculus
|
| 700 |
1 |
|
|a Hughes-Hallett, Deborah
|
| 997 |
|
|
|a Communication, Visual Art & Computing, Faculty
|b Computing, Department
|
| 998 |
|
|
|a Mathematics with Statistics, Degree
|
| 999 |
|
|
|a 0000052465
|b BOK
|c OPEN SHELF
|e 1st Floor, Bestari Jaya
|